| 000 | 01315nam a22001937a 4500 | ||
|---|---|---|---|
| 999 |
_c7276 _d7276 |
||
| 003 | GBCCL | ||
| 005 | 20241126110624.0 | ||
| 008 | 180723b ||||| |||| 00| 0 eng d | ||
| 040 | _cgbc | ||
| 082 |
_a220.77 _bPRE |
||
| 245 | _aThe Preacher's complete homiletic commentary. | ||
| 260 |
_cNew York : _aFunk & Wagnalls, _b[1892-1896?] |
||
| 300 | _a32 volumes ; 22 cm | ||
| 505 | _aV. 1. Genesis -- v. 2. Exodus -- v. 3. Leviticus to Numbers 15 -- v. 4. Numbers 16 to Deuteronomy -- v. 5. Joshua -- v. 6. Judges -- v. 7. Ruth to II Samuel -- v. 8. I & II Kings -- v. 9. I Chronicles to Nehemiah 6 -- v. 10. Nehemiah 7 to Job -- v. 11. Psalm 1 to 87 -- v. 12. Psalm 88 to 150 -- v. 13. Proverbs -- v. 14. Ecclesiastes to Song of Solomon -- v. 15. Isaiah (v. 1) -- v. 16. Isaiah (v. 2) -- v. 17. Jeremiah -- v. 18. Lamentations to Ezekiel -- v. 19. Daniel -- v. 20. Minor Prophets -- v. 21. Index to Old Testament -- v. 22. Matthew -- v. 23. Mark -- v. 24. Luke -- v. 25. John -- v. 26. Acts -- v. 27. Romans -- v. 28. I & II Corinthians -- v. 29. Galatians to II Thessalonians -- v. 30. I Timothy to James -- v. 31. I Peter to Revelation -- v. 32. Index to New Testament. | ||
| 650 |
_aBible -- Homiletical use. _912890 |
||
| 650 |
_aBible -- Commentaries. _910991 |
||
| 650 |
_aBible. _95 |
||
| 942 |
_2ddc _cBK _012 |
||